New latin grammar for schools and colleges

Kaydedildi:
Detaylı Bibliyografya
Materyal Türü: Kitap
Dil:Undetermined
Baskı/Yayın Bilgisi: New York, Estados Unidos Ginn and Company 1916
Konular:
Etiketler: Etiketle
Etiket eklenmemiş, İlk siz ekleyin!

MARC

LEADER 00000nam a2200000Ia 4500
008 170316s9999 xx 000 0 und d
090 |a 415-L N-1n 
245 |a New latin grammar for schools and colleges 
260 |a New York, Estados Unidos 
260 |b Ginn and Company 
260 |c 1916 
300 |a 490 páginas 
650 |a GRAMÁTICA LATINA 
999 |c 19635  |d 19635 
040 |a cru BVZT 
942 |c 15 D  |h 415-L N-1n  |2 z